|
|
|
|
| LEADER |
00000nam0a2200000 4500 |
| 001 |
211072 |
| 005 |
20231101225643.0 |
| 010 |
|
|
|a 9785991617635
|
| 035 |
|
|
|a (RuTPU)RU\TPU\book\230549
|
| 090 |
|
|
|a 211072
|
| 100 |
|
|
|a 20120310d2012 m y0rusy50 ca
|
| 101 |
0 |
|
|a rus
|
| 102 |
|
|
|a RU
|
| 105 |
|
|
|a a j 001zy
|
| 200 |
1 |
|
|a Инновационный менеджмент
|e учебник для бакалавров
|f А. В. Тебекин
|
| 210 |
|
|
|a Москва
|c Юрайт
|d 2012
|
| 215 |
|
|
|a 476 с.
|c ил.
|
| 225 |
1 |
|
|a Бакалавр. Базовый курс
|
| 320 |
|
|
|a Библиогр.: с. 476.
|
| 330 |
|
|
|a Настоящий учебник полностью отвечает требованиям Федерального государственного образовательного стандарта высшего профессионального образования третьего поколения. В учебнике отражены основные аспекты, касающиеся: тенденций и разновидностей развития, управления развитием; нововведений как объектов инновационного управления; возникновения, становления и основных черт инновационного менеджмента; организации инновационного менеджмента; разработки программ и проектов нововведений; создания благоприятных условий нововведений; разнообразия форм инновационного менеджмента; инновационных игр; проблем прогнозирования в инновационном менеджменте и т.д. Рассмотрены взаимосвязи инновационного менеджмента со стратегическим управлением.
|
| 606 |
1 |
|
|a Инновационный менеджмент
|2 stltpush
|3 (RuTPU)RU\TPU\subj\12654
|9 39407
|
| 610 |
1 |
|
|a экономика
|
| 610 |
1 |
|
|a инновации
|
| 610 |
1 |
|
|a инновационная деятельность
|
| 610 |
1 |
|
|a управление
|
| 610 |
1 |
|
|a развитие
|
| 610 |
1 |
|
|a нововведения
|
| 610 |
1 |
|
|a методология
|
| 610 |
1 |
|
|a организация
|
| 610 |
1 |
|
|a инновационные программы
|
| 610 |
1 |
|
|a инновационные проекты
|
| 610 |
1 |
|
|a инновационные разработки
|
| 610 |
1 |
|
|a формы
|
| 610 |
1 |
|
|a инновационные игры
|
| 610 |
1 |
|
|a благоприятные условия
|
| 610 |
1 |
|
|a прогнозирование
|
| 610 |
1 |
|
|a стратегическое управление
|
| 610 |
1 |
|
|a учебники
|
| 686 |
|
|
|a У9(2)0-551я73
|v LBC/SL-A
|2 rubbk
|
| 700 |
|
1 |
|a Тебекин
|b А. В.
|g Алексей Васильевич
|
| 801 |
|
1 |
|a RU
|b 63413507
|c 20120310
|
| 801 |
|
2 |
|a RU
|b 63413507
|c 20150514
|g RCR
|
| 900 |
|
|
|a Инновационный менеджмент
|
| 942 |
|
|
|c BK
|
| 952 |
|
|
|b 080100
|
| 959 |
|
|
|a 40/20120310
|d 7
|e 309,00
|f ЧЗГЛ:1
|f АНЛ:1
|f УФ:5
|